Child domestic workers in Zimbabwe (Record no. 65375)
[ view plain ]
| 000 -LEADER | |
|---|---|
| fixed length control field | 00646nam a2200229Ia 4500 |
| 003 - CONTROL NUMBER IDENTIFIER | |
| control field | 0100 |
| 005 - DATE AND TIME OF LATEST TRANSACTION | |
| control field | 20161005102653.0 |
| 008 - FIXED-LENGTH DATA ELEMENTS--GENERAL INFORMATION | |
| fixed length control field | 130303s9999 xx 000 0 und d |
| 020 ## - INTERNATIONAL STANDARD BOOK NUMBER | |
| International Standard Book Number | 1779220448 |
| 040 ## - CATALOGING SOURCE | |
| Transcribing agency | ARRUPELIB |
| 050 ## - LIBRARY OF CONGRESS CALL NUMBER | |
| Classification number | HD6250.Z552B68 2006 |
| 300 ## - PHYSICAL DESCRIPTION | |
| Other physical details | 21cm. |
| 100 ## - MAIN ENTRY--PERSONAL NAME | |
| Personal name | Bourdillon, Michael F.C. |
| 9 (RLIN) | 26465 |
| 245 ## - TITLE STATEMENT | |
| Title | Child domestic workers in Zimbabwe |
| 260 ## - PUBLICATION, DISTRIBUTION, ETC. (IMPRINT) | |
| Place of publication, distribution, etc | Harare |
| 260 ## - PUBLICATION, DISTRIBUTION, ETC. (IMPRINT) | |
| Name of publisher, distributor, etc | Weaver Press |
| 300 ## - PHYSICAL DESCRIPTION | |
| Extent | 116p. |
| 650 ## - SUBJECT ADDED ENTRY--TOPICAL TERM | |
| Topical term following geographic name as entry element | Child labor |
| Geographic subdivision | Zimbabwe |
| 9 (RLIN) | 26466 |
| 650 ## - SUBJECT ADDED ENTRY--TOPICAL TERM | |
| Topical term following geographic name as entry element | Household employees |
| Geographic subdivision | Zimbabwe |
| 9 (RLIN) | 26467 |
| 700 ## - ADDED ENTRY--PERSONAL NAME | |
| Personal name | Pfigu, Tinashe; Chinodya, Jeremiah; Rurevo, Rumbidzai |
| 9 (RLIN) | 26468 |
| 942 ## - ADDED ENTRY ELEMENTS (KOHA) | |
| Source of classification or shelving scheme | Library of Congress Classification |
| Koha issues (borrowed), all copies | 2 |
| Koha item type | SPC |
| Withdrawn status | Lost status | Source of classification or shelving scheme | Damaged status | Not for loan | Collection code | Home library | Current library | Shelving location | Date acquired | Total Checkouts | Full call number | Barcode | Date last seen | Date checked out | Copy number | Price effective from | Koha item type |
|---|---|---|---|---|---|---|---|---|---|---|---|---|---|---|---|---|---|
| Library of Congress Classification | Main Collection | ARRUPE LIBRARY | ARRUPE LIBRARY | 05/03/2013 | 2 | HD6250.Z552B68 2006 | 46004002665 | 08/05/2018 | 13/04/2015 | 1 | 05/03/2013 | Monograph ( Printed materials) | |||||
| Library of Congress Classification | SPECIAL Collection | ARRUPE LIBRARY | ARRUPE LIBRARY | Reference | 05/10/2016 | SPC HD6250.Z552 B68 2006 | 46500010638 | 05/10/2016 | 2 | 05/10/2016 | SPC |